000 00389nam a2200145 i 4500
001 bg
100 1 _aKAZARSKI, Maciej
245 0 _aMinikalkulatory w obliczach naukowych i technicznych /
_cMaciej Kazarski, Zbigniew Szurmak.
260 _aWarszawa,
_c1980.
700 1 _aSZURMAK, Zbigniew
040 _cBPK
041 _apol
942 _cKS
008 s pl f |000 0 pol
999 _c19558
_d19558
856 _uhttp://koha.tu.koszalin.pl/cgi-bin/koha/opac-detail.pl?biblionumber=19558
_yKatalog online BPK